000 01288cam a2200373 a 4500
001 2481
003 FISKH
005 20231212135444.0
008 000120s2000 txua b 000 1 eng
010 _a 00100421
020 _a157064988X
020 _a045986979988
040 _aDLC
_cDLC
_dDLC
_beng
042 _alcac
050 0 0 _aPZ5.B26315
082 0 0 _a394.2663
100 _aWhite, Stephen
245 0 0 _aBarney's favorite Christmas stories /
_cWritten by Stephen White ; illustrated by Rick Grayson
260 _aBarney :
_bLyrick,
_c2000.
300 _a102 pages :
_bcolor illustrations ;
_c21 cm
505 0 _aM
520 _aWhat could be more fun to find under the tree than this hardcover book feature Barney's Christmas Surprise, Barney's Christmas Wishes, Barney's Wonderful Winter Christmas Day and Barney's Night Before Christmas!
521 8 _a540
_bLexile estimate
521 8 _aM
_bRaz-Plus
650 0 _aChristmas stories.
650 0 _aDinosaurs
_vJuvenile fiction.
650 0 _aChildren's stories, American.
650 1 _aChristmas
_vFiction.
650 1 _aDinosaurs
_vFiction.
650 1 _aShort stories.
700 _aGrayson, Rick
_eillustrator
906 _a7
_bcbc
_corignew
_d2
_eepcn
_f20
_gy-gencatlg
942 _2ddc
_cBK
_n0
999 _c2481
_d2481